| 000 | 00516nam a22002057a 4500 | ||
|---|---|---|---|
| 003 | koha_MIRAKIL | ||
| 005 | 20231213100141.0 | ||
| 008 | 231213b |||||||| |||| 00| 0 ||| d | ||
| 020 | _b978-6-05-552369-5 | ||
| 040 |
_aTR-IsEVY _btur _cTR-IsEVY |
||
| 082 | _a598 USL/Ş | ||
| 100 | _aUslu, Tarık. | ||
| 245 | 0 | _aŞu acayip kuşlar | |
| 250 | _a11. bs. | ||
| 260 |
_bUğurböceği Yayınları, _c2016 |
||
| 300 | _a191 s. | ||
| 650 | _aBilim -- Kuşlar. | ||
| 650 | _aScience -- Birds. | ||
| 942 |
_2ddc _cBK |
||
| 999 |
_c15312 _d15312 |
||